Stato e Chiesa negli scritti politici dalla fine della lotta per le investiture sino alla morte di Ludovico il Bavaro (1122-1347) / (Record no. 164869)

MARC details
000 -LEADER
campo de control de longitud fija 00924nam a22001935i 4500
001 - NÚMERO DE CONTROL
campo de control 164869
003 - IDENTIFICADOR DE NÚMERO DE CONTROL
campo de control ES-MaACL
005 - FECHA Y HORA DE LA ÚLTIMA TRANSACCIÓN
campo de control 20230906213025.0
008 - DATOS DE LONGITUD FIJA--INFORMACIÓN GENERAL
campo de control de longitud fija 990308s1882 it |||| | ita d
040 ## - FUENTE DE CATALOGACIÓN
Centro catalogador/agencia de origen CCPB | B
Lengua de catalogación spa
Centro/agencia transcriptor CCPB | B
100 1# - ENTRADA PRINCIPAL--NOMBRE DE PERSONA
Nombre de persona Scaduto, Francesco.
9 (RLIN) 132522
245 10 - MENCIÓN DEL TÍTULO
Título Stato e Chiesa negli scritti politici dalla fine della lotta per le investiture sino alla morte di Ludovico il Bavaro (1122-1347) /
Mención de responsabilidad, etc. studio storico di Francesco Scaduto.
260 ## - PUBLICACIÓN, DISTRIBUCIÓN, ETC.
Lugar de publicación, distribución, etc. Firenze :
Nombre del editor, distribuidor, etc. [s.n.],
Fecha de publicación, distribución, etc. 1882 (
Fabricante Successori Le Monnier)
300 ## - DESCRIPCIÓN FÍSICA
Extensión IV, 148, [2] ;
Dimensiones 27 cm.
490 1# - MENCIÓN DE SERIE
Mención de serie Pubblicazioni del R. Istituto di Studi Superiori Pratici e di Perfezionamento in Firenze. Sezione di Filosofia e Filologia
830 0# - PUNTO DE ACCESO ADICIONAL DE SERIE-TÍTULO UNIFORME
Título uniforme Pubblicazioni del R. Istituto di Studi Superiori Pratici e di Perfezionamento in Firenze. Sezione di Filosofia e Filologia
9 (RLIN) 188503
852 ## - LOCALIZACIÓN
Ubicación ES-MaACL
Número de control de estantería G-12263
Nota libre -- Rúst.
Holdings
Estatus retirado Estado de pérdida Estado de daño No para préstamo Colección Biblioteca de origen Biblioteca actual Ubicación en estantería Fecha de adquisición Fuente de adquisición Total de préstamos Signatura topográfica completa Código de barras Visto por última vez Precio de reemplazo Tipo de ítem Koha
        Libros del s. XIX Biblioteca del Ateneo de Madrid Biblioteca del Ateneo de Madrid Sala Pecera Planta 3 17/01/2008     G-12263 1172831 23/02/2023 23/02/2023 Libro impreso antiguo